000 00368nas a2200157 a 4500
001 62571
003 134995
005 20201118105938.0
008 ||||||n9999 ||| || ||
041 _aspa
245 0 _aHacienda Municipal - No.56 (1996)
260 _aMéxico :
_bINDET,
_c1996.
562 _e1
773 _021701
_aHacienda Municipal :
942 _cSISS
999 _c62571
_d62571